Statistics for Lipscomb Basketball: Top 10 All-Time Leaders

Click here to take the quiz!

General Stats

  • This quiz has been taken 2 times
    (0 since last reset)
  • The average score is 0 of 86

Answer Stats

Category#PlayerAmount% Correct
Points2Adnan Hodzic2,002
0%
GamesT9Adnan Hodzic121
0%
Points Per Game2Adnan Hodzic16.5
0%
Rebounds3Adnan Hodzic840
0%
Field Goal Percent2Adnan Hodzic58.6%
0%
Rebounds2Ahsan Asadullah927
0%
Assists5Ahsan Asadullah358
0%
Blocks1Ahsan Asadullah101
0%
Points Per Game7Ahsan Asadullah13.4
0%
Points5Ahsan Asadullah1,613
0%
Steals10Ahsan Asadullah102
0%
BlocksT7Albert Hacker49
0%
BlocksT7Brandon Brown49
0%
Rebounds5Brandon Brown611
0%
Field Goal Percent6Brian Fisk41.6%
0%
Three Pointers Made6Brian Fisk180
0%
Assists4Brian Fisk362
0%
Steals2Brian Fisk212
0%
Rebounds9Brian Fisk499
0%
Points Per Game5Brian Fisk13.8
0%
Points3Brian Fisk1,633
0%
Field Goal Percent5Eddie Ard44.1%
0%
Steals4Eddie Ard153
0%
Blocks3Eddie Ard76
0%
Points Per Game6Eddie Ard13.8
0%
Points4Eddie Ard1,624
0%
Rebounds7Eddie Ard577
0%
Rebounds1Eli Pepper1,015
0%
GamesT1Eli Pepper134
0%
Blocks2Eli Pepper84
0%
Three Pointers Made1Garrison Mathews360
0%
StealsT5Garrison Mathews117
0%
Points1Garrison Mathews2,478
0%
GamesT1Garrison Mathews134
0%
Assists9Garrison Mathews252
0%
Field Goal Percent4Garrison Mathews44.6%
0%
Points Per Game1Garrison Mathews18.5
0%
Rebounds4Garrison Mathews667
0%
GamesT6George Brammeier122
0%
Blocks10George Brammeier38
0%
Three Pointers Made8Greg Jones158
0%
Games5Greg Jones125
0%
Three Pointers Made7James Poindexter170
0%
Blocks9Jason Hopkins47
0%
Three Pointers Made5J.C. Hampton186
0%
Points Per Game9J.C. Hampton12.5
0%
Assists8J.C. Hampton275
0%
Points10J.C. Hampton1,202
0%
Three Pointers Made2Jordan Burgason282
0%
Points Per Game8Josh Slater13.1
0%
Points6Josh Slater1,602
0%
Steals1Josh Slater224
0%
GamesT6Josh Slater122
0%
Assists1Josh Slater462
0%
Rebounds6Josh Slater589
0%
Field Goal Percent3Josh Williams47.1%
0%
Three Pointers Made4Josh Williams212
0%
Points7Josh Williams1,506
0%
StealsT5Josh Williams117
0%
Points Per Game4Josh Williams14.1
0%
Blocks5Justin Glenn67
0%
Steals3Kenny Cooper183
0%
Assists3Kenny Cooper381
0%
Rebounds8Malcolm Smith536
0%
Points9Malcolm Smith1,360
0%
Points Per Game10Malcolm Smith12.3
0%
Blocks6Michael Buckland65
0%
Assists6Michael Buckland306
0%
Three Pointers Made10Michael Buckland148
0%
GamesT3Michael Buckland128
0%
StealsT8Michael Buckland110
0%
GamesT6Michael Lusk122
0%
Assists7Michael Lusk279
0%
Steals7Michael Lusk115
0%
GamesT9Michael Teller121
0%
Three Pointers Made9Michael Teller156
0%
Three Pointers Made3Nathan Moran260
0%
GamesT3Nathan Moran128
0%
StealsT8Nathan Moran110
0%
Assists2Nathan Moran405
0%
Points Per Game3Rob Marberry14.5
0%
Field Goal Percent1Rob Marberry61.8%
0%
Rebounds10Rob Marberry491
0%
Points8Rob Marberry1,448
0%
Blocks4Rob Marberry74
0%
Assists10Trey Williams238
0%

Score Distribution

Percentile by Number Answered

Percent of People with Each Score

Your Score History

You have not taken this quiz since the last reset